| 000 | 00434cam a22001217a 4500 | ||
|---|---|---|---|
| 008 | 180718b1976 xxu||||| |||| 00| 0 eng d | ||
| 082 | _aXAx5461 D378 | ||
| 245 |
_aReport on technical survey-samalkha _cby Bureau of Economics And Statistics |
||
| 260 |
_aDelhi _bBureau of Economics And Statistics _c1976 |
||
| 300 | _a27p. | ||
| 650 | _aRural development --India --Delhi (Union Ter.) | ||
| 700 | _aIndia.Bureau of Economics And Statistics | ||
| 999 |
_c416818 _d416818 |
||